00979nam a22001817a 4500003000900000008004200009040007100051082001900122100003100141245007600172260007500248300006100323505031600384650002400700650001500724650001400739700004400753AR-CdUCM190515b ||||| |||| 00| 0 espa d aMUNICIPALIDAD PROVINCIAL DEL CUSCOcBIBLIOTECA MUNICIPAL DEL CUSCO a947.004 /bL85 aLombardo Toledano, Vicente aUn viaje al mundo del porvenir :bseis conferencias sobre la U.R.S.S. / aMéxico :bPublicaciones de la Universidad Obrera de México,c1936. a159 páginas ;bilustraciones, mapas, retratos,c24 cm. aContenido: La estructura política de la U.R.S.S. --La estructura económica de la U.R.S.S. -- Condiciones actuales del pueblo soviético -- Cómo resolvió el régimen soviético el problema de las nacionalidades oprimidas -- Posibilidades del triunfo del comunismo en el mundo -- El mundo del porvenir. aUnión Soviética aPolítica aComunismo aVillaseñor, Víctor Manuel (coautor)